茨城県の市町村 (地図あり) - Statistics

General Stats
  • This quiz has been taken 280 times
  • The average score is 35 of 44
Answers on the Map
Answers color-coded by a green-red scale on the quiz's map according to % correct below.
 
Answer Stats
answer % Correct
北茨城市
96%
日立市
96%
水戸市
90%
つくば市
89%
鹿嶋市
88%
かすみがうら市
88%
高萩市
88%
ひたちなか市
88%
つくばみらい市
87%
古河市
86%
取手市
86%
常陸太田市
85%
土浦市
84%
東海村
84%
常陸大宮市
84%
牛久市
82%
石岡市
81%
大洗町
81%
守谷市
81%
茨城町
80%
笠間市
80%
大子町
80%
龍ケ崎市
79%
常総市
78%
神栖市
77%
那珂市
76%
鉾田市
76%
潮来市
75%
筑西市
75%
阿見町
74%
五霞町
74%
下妻市
74%
小美玉市
73%
桜川市
73%
利根町
73%
稲敷市
72%
坂東市
72%
結城市
71%
城里町
70%
行方市
70%
美浦村
70%
境町
68%
八千代町
66%
河内町
65%
No matching quizzes found
Score Distribution
Percent of People with Each Score
Percentile by Number Answered
Your Score History
You have not taken this quiz